Countries with F in Their Name - Statistics

General Stats
  • This quiz has been taken 2,063 times
    2,028 since last reset
  • The average score is 7 of 10
Answer Stats
Continent Country % Correct
Oceania Fiji
95%
Europe Finland
93%
Europe France
92%
Asia Afghanistan
72%
Federated States of Micronesia
70%
Africa South Africa
70%
Africa Central African Republic
68%
Africa Burkina Faso
66%
Africa Democratic Republic of the Congo
60%
Africa Republic of the Congo
58%
No matching quizzes found
Score Distribution
Percent of People with Each Score
Percentile by Number Answered
Your Score History
You have not taken this quiz since the last reset